000
00269nam a2200109Ia 4500
005
20251222114341.0
008
251222s1900||||xx |||||||||||||| ||spa||
082
_a
DVD0097/W46/1999
245
0
_a
Buena Vista Social Club
264
_b
Road Movies Filmproduktion
942
_c
DVD
999
_c
859
_d
859